Festa al Parc del Montnegre i el Corredor!

Publicat: Barcelona : Diputació de Barcelona , 2025
Descripció física: 1 full : il·lustracions color ; 21 x 15 cm
Matèries: Fulletons
Idioma: Català

MARC

LEADER 00000nam a22000007a 4500
001 29347
003 AGDB
005 20260324181547.0
008 260206b spa||||| |||| 00| 0 cat d
017 |a B 19819-2025 
040 |a agdb  |b cat 
245 |a Festa al Parc del Montnegre i el Corredor! 
260 |a Barcelona :   |b Diputació de Barcelona,  |c 2025 
300 |a 1 full :  |b il·lustracions color ;   |c 21 x 15 cm 
500 |a Festa celebrada el 22 de novembre, en motiu del Dia Internacional de les persones amb discapacitat. 
500 |a Col·laboradors de la festa: Viver de Bell-lloc, Fundació El Maresme-discapacitats i FECPC. 
655 0 |a Fulletons  |9 55858 
710 1 |a Barcelona (Catalunya : Província).  |b Xarxa de Parcs Naturals  |9 7250  |e entitat organitzadora  |e entitat editora 
710 2 |a Federació d’Entitats Excursionistes de Catalunya  |9 52821  |e entitat organitzadora 
710 1 |a Escola de Natura del Corredor  |9 70784  |e entitat organitzadora 
942 |2 udc  |c ARXIU  |n 1 
952 |0 0  |1 0  |2 udc  |4 0  |6 FU7935  |7 1  |9 99108  |a Arxiu  |b Arxiu  |d 2026-02-06  |l 0  |o FU-79-35  |p 29347  |r 2026-02-06 13:27:00  |w 2026-02-06  |y ARXIU 
999 |c 130763  |d 130763